|
|
|
|
| LEADER |
00000nam0a2200000 4500 |
| 001 |
195625 |
| 005 |
20231101224636.0 |
| 010 |
|
|
|a 9810224591
|
| 035 |
|
|
|a (RuTPU)RU\TPU\book\213435
|
| 090 |
|
|
|a 195625
|
| 100 |
|
|
|a 20110513d1996 k y0engy50 ba
|
| 101 |
0 |
|
|a eng
|
| 102 |
|
|
|a US
|
| 105 |
|
|
|a a z 001zy
|
| 200 |
1 |
|
|a Compact Synchrotron Light Sources
|f E. Weihreter
|
| 210 |
|
|
|a New Jersey
|c World Scientific Publishing Co. Pte. Ltd.
|d 1996
|
| 215 |
|
|
|a 216 p.
|c il.
|
| 225 |
1 |
|
|a Series on Synchrotron Radiation Techniques and Applications
|v Vol. 3
|
| 320 |
|
|
|a References: p. 201-209.
|
| 320 |
|
|
|a Index: p. 213-216.
|
| 330 |
|
|
|a This book covers a new niche in circular accelerator design, motivated by the promising industrial prospects of recent micromanufacturing methods — X-ray lithography, synchrotron radiation-based micromachining and microanalysis techniques. It describes the basic concepts and the essential challenges for the development of compact synchrotron radiation sources from an accelerator designer's point of view and gives an outline of the actual state of the art. The volume is intended as an introduction and as a reference for physicists, engineers and managers involved in this rapidly developing field.
|
| 606 |
1 |
|
|a Синхрофазотроны
|x Режим работы
|2 stltpush
|3 (RuTPU)RU\TPU\subj\54907
|9 72980
|
| 610 |
1 |
|
|a ускорители заряженных частиц
|
| 610 |
1 |
|
|a синхротронное излучение
|
| 610 |
1 |
|
|a синхротроны
|
| 610 |
1 |
|
|a источники излучения
|
| 610 |
1 |
|
|a ускорительная техника
|
| 610 |
1 |
|
|a ускорительные установки
|
| 610 |
1 |
|
|a английский язык
|
| 675 |
|
|
|a 621.384.634.5
|v 3
|
| 700 |
|
1 |
|a Weihreter
|b E.
|g Ernst
|
| 801 |
|
1 |
|a RU
|b 63413507
|c 20110513
|
| 801 |
|
2 |
|a RU
|b 63413507
|c 20120113
|g RCR
|
| 900 |
|
|
|a Взаимодействие излучения с веществом
|
| 900 |
|
|
|a Физика ускорителей высоких энергий
|
| 900 |
|
|
|a Диагностика на пучках рентгеновского излучения
|
| 942 |
|
|
|c BK
|
| 959 |
|
|
|a 50/20110513
|d 1
|e 0,00
|f ЧЗИЛ:1
|